000 00449nam a22001817a 4500
003 koha_MIRAKIL
005 20231213095619.0
008 231213b |||||||| |||| 00| 0 ||| d
020 _b978-6-05-569141-7
040 _aTR-IsEVY
_btur
_cTR-IsEVY
082 _a800 LES/B
100 _aLESTRADE, AGNES DE.
245 0 _aBÜYÜK SÖZLÜK FABRİKASI.
260 _bAylak Kitap,
_c2012
300 _a[ ] p.
650 _aEdebiyat.
942 _2ddc
_cBK
999 _c6562
_d6562